Design of concrete structures (Record no. 3628)

000 -LEADER
fixed length control field 00663nam a2200229 a 4500
001 - CONTROL NUMBER
control field 3628
003 - CONTROL NUMBER IDENTIFIER
control field BD-DhUET
008 - FIXED-LENGTH DATA ELEMENTS--GENERAL INFORMATION
fixed length control field 850621s1985 enka b 101 0 eng
020 ## - INTERNATIONAL STANDARD BOOK NUMBER
International Standard Book Number 007Y665486
040 ## - CATALOGING SOURCE
Original cataloging agency DLC
Transcribing agency DLC
Modifying agency BD-DhUET
082 00 - DEWEY DECIMAL CLASSIFICATION NUMBER
Classification number 624.183
Item number NIL/1986
100 ## - MAIN ENTRY--PERSONAL NAME
Personal name Nilson, Arthur H.
245 00 - TITLE STATEMENT
Title Design of concrete structures
Statement of responsibility, etc. by Arthur H. Nilson and George Winter
250 ## - EDITION STATEMENT
Edition statement 10th ed.
260 ## - PUBLICATION, DISTRIBUTION, ETC. (IMPRINT)
Place of publication, distribution, etc. New York:
Name of publisher, distributor, etc. McGraw Hill Book Company,
Date of publication, distribution, etc. 1986.
300 ## - PHYSICAL DESCRIPTION
Extent xi, 380 p. :
Other physical details ill. ;
Dimensions 23 cm.
490 ## - SERIES STATEMENT
Series statement Civil engineering series
504 ## - BIBLIOGRAPHY, ETC. NOTE
Bibliography, etc Includes bibliographies
650 #0 - SUBJECT ADDED ENTRY--TOPICAL TERM
Topical term or geographic name as entry element Reinforced concrete
700 ## - ADDED ENTRY--PERSONAL NAME
Personal name Winter, George
942 ## - ADDED ENTRY ELEMENTS (KOHA)
Koha item type General Book
Holdings
Koha full call number Koha issues (times borrowed) Koha date last seen Date acquired Piece designation (barcode) Location (home branch) Koha renewals Price effective from Koha normalized classification for sorting Not for loan Sublocation or collection (holding branch) Koha out on loan Copy number Lost status Koha item type Withdrawn status Source of classification or shelving scheme Shelving location Damaged status Koha date last borrowed
624.183/NIL/198662026-02-232014-11-0277873Central Library, BUET12014-11-02624_000000000000000_183NIL1986 Central Library, BUET2027-02-231 General Book  Circulation section 2026-02-23
624.183 NIL/1986 2024-12-041990-10-2377816Central Library, BUET 2024-12-04624_183000000000000_NIL_1986 Central Library, BUET ১০/ক-১ Rental Item  Rental section  
624.183 NIL/1986 2024-12-041990-10-2377817Central Library, BUET 2024-12-04624_183000000000000_NIL_1986 Central Library, BUET ১০/ক-২ Rental Item  Rental section  
624.183 NIL/1986 2024-12-041990-10-2377818Central Library, BUET 2024-12-04624_183000000000000_NIL_1986 Central Library, BUET ১০/ক-৩ Rental Item  Rental section  
624.183 NIL/1986 2024-12-041990-10-2377819Central Library, BUET 2024-12-04624_183000000000000_NIL_1986 Central Library, BUET ১০/ক-৪ Rental Item  Rental section  
624.183 NIL/1986 2024-12-041990-10-2377820Central Library, BUET 2024-12-04624_183000000000000_NIL_1986 Central Library, BUET ১০/ক-৫ Rental Item  Rental section  
624.183 NIL/1986 2024-12-041990-10-2377821Central Library, BUET 2024-12-04624_183000000000000_NIL_1986 Central Library, BUET ১০/ক-৬ Rental Item  Rental section  
624.183 NIL/1986 2024-12-041990-10-2377822Central Library, BUET 2024-12-04624_183000000000000_NIL_1986 Central Library, BUET ১০/ক-৭ Rental Item  Rental section  
624.183 NIL/1986 2024-12-041990-10-2377823Central Library, BUET 2024-12-04624_183000000000000_NIL_1986 Central Library, BUET ১০/ক-৮ Rental Item  Rental section  
624.183 NIL/1986 2024-12-041990-10-2377824Central Library, BUET 2024-12-04624_183000000000000_NIL_1986 Central Library, BUET ১০/ক-৯ Rental Item  Rental section  
624.183 NIL/1986 2024-12-041990-10-2377825Central Library, BUET 2024-12-04624_183000000000000_NIL_1986 Central Library, BUET ১০/ক-১০ Rental Item  Rental section  
624.183 NIL/1986 2024-12-041990-10-2377826Central Library, BUET 2024-12-04624_183000000000000_NIL_1986 Central Library, BUET ১০/ক-১১ Rental Item  Rental section  
624.183 NIL/1986 2024-12-041990-10-2377827Central Library, BUET 2024-12-04624_183000000000000_NIL_1986 Central Library, BUET ১০/ক-১২ Rental Item  Rental section  
624.183 NIL/1986 2024-12-041990-10-2377828Central Library, BUET 2024-12-04624_183000000000000_NIL_1986 Central Library, BUET ১০/ক-১৩ Rental Item  Rental section  
624.183 NIL/1986 2024-12-041990-10-2377829Central Library, BUET 2024-12-04624_183000000000000_NIL_1986 Central Library, BUET ১০/ক-১৪ Rental Item  Rental section  
624.183 NIL/1986 2024-12-041990-10-2377830Central Library, BUET 2024-12-04624_183000000000000_NIL_1986 Central Library, BUET ১০/ক-১৫ Rental Item  Rental section  
624.183 NIL/1986 2024-12-041990-10-2377831Central Library, BUET 2024-12-04624_183000000000000_NIL_1986 Central Library, BUET ১০/ক-১৬ Rental Item  Rental section  
624.183 NIL/1986 2024-12-041990-10-2377832Central Library, BUET 2024-12-04624_183000000000000_NIL_1986 Central Library, BUET ১০/ক-১৭ Rental Item  Rental section  
624.183 NIL/1986 2024-12-041990-10-2377833Central Library, BUET 2024-12-04624_183000000000000_NIL_1986 Central Library, BUET ১০/ক-১৮ Rental Item  Rental section  
624.183 NIL/1986 2024-12-041990-10-2377834Central Library, BUET 2024-12-04624_183000000000000_NIL_1986 Central Library, BUET ১০/ক-১৯ Rental Item  Rental section  
624.183 NIL/1986 2024-12-041990-10-2377835Central Library, BUET 2024-12-04624_183000000000000_NIL_1986 Central Library, BUET ১০/ক-২০ Rental Item  Rental section